000 00656nam a22001937a 4500
999 _c61838
_d61838
005 20240524144351.0
008 240524s2006 enk||||| |||| 00| 0 eng d
020 _a9780443100079x
041 _aeng
080 _a617.5+611 J-22
100 _aJamieson, Glyn G.
_922174
245 _aThe anatomy of general surgical operations :
_cGlyn G. Jamieson.
250 _a2nd edition
264 _aEdinburgh :
_bElsevier,
_c2006.
300 _a226 p.:
_bill.;
_c29 cm.
653 _aზოგადი ქირურგიული ოპერაციების ანატომია
653 _aმედიცინა
942 _2udc
_cᲬᲘᲒᲜᲘ